00424nam a2200157Ia 45000010006000000050017000060080041000230410008000640820029000721000035001012450079001362600009002153000028002246500006002526540008002582286920260414150859.0260414t2016||||xx |||||||||||||| ||spa|| aESP a624.15136bJ81 T. 2 2016 aJuárez Badillo, EulalioeAUT 0aMecánica de suelos :bteoría y aplicaciones de la mecánica de suelos c2016 a703 páginas :c23 cm. a0 aCIC